Operations Strategy in Action: A Guide to the Theory and Practice of Implementation (Record no. 43345)

MARC details
000 -LEADER
fixed length control field 00501nam a22001697a 4500
005 - DATE AND TIME OF LATEST TRANSACTION
control field 20250319161230.0
008 - FIXED-LENGTH DATA ELEMENTS--GENERAL INFORMATION
fixed length control field 250319b |||||||| |||| 00| 0 eng d
020 ## - INTERNATIONAL STANDARD BOOK NUMBER
International Standard Book Number 9781847207777
041 ## - LANGUAGE CODE
Language code of text/sound track or separate title Eng.
082 ## - DEWEY DECIMAL CLASSIFICATION NUMBER
Classification number 658.4012 TAN
100 ## - MAIN ENTRY--PERSONAL NAME
Author Tan, Kim Hua
245 ## - TITLE STATEMENT
Title Operations Strategy in Action: A Guide to the Theory and Practice of Implementation
260 ## - PUBLICATION, DISTRIBUTION, ETC.
Place Cheltenham, UK
Publisher Edward Elgar Publishing Limited
Publication Year 2009
300 ## - PHYSICAL DESCRIPTION
Extent 223;. P. 23 cm
650 ## - SUBJECT ADDED ENTRY--TOPICAL TERM
Subject Strategic Planning
942 ## - ADDED ENTRY ELEMENTS (KOHA)
Koha item type Books
Holdings
Withdrawn status Lost status Source of classification or shelving scheme Damaged status Not for loan Home library Current library Shelving location Accession Date Vendor Price Bill number Full call number Barcode No Date last seen Discount Bill Date Koha item type Suggested By
    Dewey Decimal Classification     IMTN IMTN Rack 27-B 03/18/2025 Raghav Books Private Limited 9905.70 2374 658.4012 TAN 33636 03/19/2025 33 02/14/2025 Books Dr. Anup Kumar
Designed & Maintained by: LRC IMT Nagpur Contact: lrc@imtnag.ac.in© 2024. All Rights Reserved.